000
00285nam a22001217a 4500
008
180129b xxu||||| |||| 00| 0 eng d
041
_a
eng
080
_a
616.31
100
_a
5
101
_a
STO
245
_a
Fundamentals of fixed prosthodontics
_c
Shillingburg,H.T
942
_2
udc
_c
BK
999
_c
41147
_d
41147